| 000 | 00758nam a22002297a 4500 | ||
|---|---|---|---|
| 999 |
_c157594 _d157594 |
||
| 005 | 20181010105621.0 | ||
| 010 | _aENG-124009 | ||
| 020 |
_a9789353061739 _c869.00 |
||
| 035 | _aEN-107541 | ||
| 037 | _bDBAD/PUB | ||
| 082 | _a526.9 | ||
| 100 | _aGhilani, Charles D. | ||
| 245 |
_aElementary surveying: _cby Charles D. Ghilani; Paul R. Wolf [and] K. Srinivasa Raju _ban introduction to geomatics / |
||
| 250 | _a13th ed. | ||
| 260 |
_aNoida _bPearson _c2018 |
||
| 270 |
_a15th Floor, Tower B, Worls Trade Tower, Plot No.1, Block -C _bNoida (UP) _e201301 |
||
| 300 |
_a982p. _c25cm.(pbk) _bill. |
||
| 500 | _aIt include appendix A- G, index | ||
| 700 | _aWolf, Paul R. | ||
| 700 | _aSrinivasa Raju K. | ||
| 942 |
_2ddc _cEN _h526.9 _mGHI |
||